Logic and structure /
Guardado en:
| Autor Principal: | |
|---|---|
| Formato: | Libro |
| Idioma: | English |
| Publicado: |
Berlin :
Springer,
1994.
|
| Edición: | 3rd, augm. ed. |
| Series: | Universitext
|
| Etiquetas: |
Agregar Etiqueta
Sin Etiquetas, Sea el primero en etiquetar este registro!
|
| LEADER | 00638nam a22002055a 4500 | ||
|---|---|---|---|
| 001 | MAT.inmabb000265 | ||
| 008 | 970321s1997####gw#######b####001#0#eng## | ||
| 005 | 20151117132026.0 | ||
| 245 | 1 | 0 | |a Logic and structure / |c Dirk van Dalen. |
| 250 | |a 3rd, augm. ed. | ||
| 260 | |a Berlin : |b Springer, |c 1994. | ||
| 300 | |a x, 217 p. ; |c 24 cm. | ||
| 490 | 0 | |a Universitext | |
| 500 | |a Corrected second printing, 1997. | ||
| 504 | |a Includes bibliographical references (p. - ) and index. | ||
| 510 | 4 | |a MR, |c 95i:03001 | |
| 020 | |a 3540578390 | ||
| 100 | 1 | |a Dalen, D. van |q (Dirk), |d 1932- | |
| 084 | |a 03-01 |2 msc2000 | ||
| 859 | |h 03 |i D139-3 |p A-8002 |b BIB. MATEMATICA | ||
